Statystyki dla Państwa kończące się na literę O

Kliknij tutaj aby rozwiązać quiz!

Ogólne statystyki

  • Ten quiz został rozwiązany 14 568 razy
    (14 503 od ostatniego zresetowania)
  • Średni wynik to 6 z 9

Statystyki odpowiedzi

KontynentPaństwo% Poprawnych
EuropaSan Marino
87%
EuropaMonako
80%
AfrykaMaroko
73%
EuropaKosowo
71%
AfrykaKongo
66%
AfrykaTogo
56%
AfrykaLesotho
54%
Ameryka PółnocnaTrynidad i Tobago
46%
AfrykaBurkina Faso
39%

Rozkład punktacji

Percentyl według liczby udzielonych odpowiedzi

Procent ludzi z każdym wynikiem

Twoja historia wyników

Nie rozwiązałeś tego quizu od ostatniego zresetowania